000 00442nam a2200193Ia 4500
005 20240823035052.0
008 240823s9999||||xx |||||||||||||| ||und||
020 _a81-7826-443-9
041 _aENGLISH
082 _A822.33 P4
100 _aWilliam Shakespere
245 0 _aHenry IV (Part II)
250 _a1st
260 _c2004
_bRohan Book Co
_aDelhi
500 _aYES
650 _aHenry
_bGeneral
942 _cBK
999 _c199803
_d199803